| 000 | 01855nam a2200349 a 4500 | ||
|---|---|---|---|
| 001 | 38644 | ||
| 003 | BD-RjUL | ||
| 005 | 20211209052832.0 | ||
| 008 | 151014m19911982bg ||||| |||| 00| 0 ben d | ||
| 020 | _c: Tk. 100.00 (V-1) | ||
| 020 |
_a9840600451 (V-8) _c: Tk. 280.00 (V-8) |
||
| 035 | _a(BD-RjUL)38752 | ||
| 040 |
_aBD-RjUL _bben/eng _cBD-RjUL |
||
| 041 | _aben/ara | ||
| 082 |
_a297.1227 _bSHT V-1-8 1982-1991 |
||
| 100 | 1 |
_aশফী, মুহাম্মদ _9118235 |
|
| 245 | 1 | 0 |
_aতফসীরে মা'আরেফুল কোরআন / _cমূল: মুফতী মুহাম্মদ শফী ; অনুবাদ: মুহিউদ্দিন খান. |
| 250 | _a২য় সং. | ||
| 260 |
_aঢাকা : _bইসলামিক ফাউণ্ডেশন বাংলাদেশ, _c১৯৮২-১৯৯১. |
||
| 300 |
_a খণ্ড ; _c২৫ সেমি. |
||
| 490 |
_aই. ফা. প্রকাশনা ; _v৬৮৫ (V-1) |
||
| 490 |
_aই. ফা. প্রকাশনা ; _v৬৮৬ (V-2) |
||
| 490 |
_aই. ফা. প্রকাশনা ; _v৬৯২/১ (V-8) |
||
| 505 | 0 | _aখণ্ড ১ [সূরা ফাতিহ থেকে সূরা বাক্কারাহ সমাপ্তি পর্যন্ত ] -- খণ্ড ৮ [সূরা 'মুহাম্মদ' থেকে সূরা 'নাস'] -- | |
| 650 |
_aকোরআন _xব্যাখা _9235881 |
||
| 650 |
_aQur'an _xCommentaries _9235882 |
||
| 700 |
_aখান, মুহিউদ্দিন, অনুবাদক _9235917 |
||
| 830 |
_aই. ফা. প্রকাশনা ; _v৬৮৫ (V-1) _9228218 |
||
| 830 |
_aই. ফা. প্রকাশনা ; _v৬৮৬ (V-2) _9228218 |
||
| 830 |
_aই. ফা. প্রকাশনা ; _v৬৯২/১ (V-8) _9228218 |
||
| 942 |
_2ddc _cBK |
||
| 999 |
_c38644 _d38644 |
||